000 01621cam a22004217a 4500
003 CHAP
005 20250924112049.0
008 040109s2004 mx r 00010 spa d
010 _a88037
011 _a89009
035 _a99558
040 _cCHAP
090 _aTesis
100 0 0 _aGarcía Zenil, Alejandra.
_946764
245 1 0 _aDinámica poblacional de Haematobia irritans en un sistema de producción de cría de ganado cebuíno en el estado de Veracruz
_bpor Alejandra García Zenil
260 _aChapingo, Méx. :
_bEl autor,
_c2004.
300 _a58 h. :
_bgráfs.; cuadros.
502 _aTesis ( Ing. Agr. Esp. en Zootecnia ) -- UACH. Departamento de Zootecnia.
530 _aTambién disponible en línea
590 _aALEPH
_b10
_c20130110
_lUCH01
_h1456
590 _aBATCH-UPD
_b10
_c20130110
_lUCH01
_h0504
590 _aBATCH-UPD
_b10
_c20130110
_lUCH01
_h2159
590 _aBATCH-UPD
_b10
_c20130410
_lUCH01
_h0142
590 _aBATCH-UPD
_b10
_c20130914
_lUCH01
_h1509
590 _aBATCH-UPD
_b10
_c20140324
_lUCH01
_h1442
590 _aBATCH-UPD
_b10
_c20141002
_lUCH01
_h0820
590 _aCONVERSION
_b10
_c20130109
_lUCH01
_h1349
650 1 7 _aGanado cebú
_xVeracruz
_2
_945063
650 1 4 _aGanado vacuno
_xEnfermedades.
_945460
650 1 4 _aGanado vacuno
_xPlagas.
_945505
650 1 4 _aHaematobia irritans.
_952201
856 _3Finding aid
_uhttp://10.13.5.2/tesis/99558.pdf
_zTeclea aqui
901 _aBK
905 _aElisama
942 _cFOLL
949 _aTesis
_bBC
_cTES
_d33724000868154
_eTS2
_fc.2
_gDonaciØn
_h40288
_i99558
_sb
949 _aTesis
_bBC
_cTES
_d99558
_eTS1
_gDonaciØn
_h40287
_i99558
_sb
999 _c88037
_d88037